| 000 | 00464nam a22001577a 4500 | ||
|---|---|---|---|
| 999 |
_c524766 _d524766 |
||
| 003 | NUST | ||
| 038 | _aMr. Zahoor | ||
| 082 | _a621.3 | ||
| 100 |
_aKamran Yousaf _915559 |
||
| 245 |
_aAnalysis of Optic Nerve Head from Fundus Images for Detection of Papilledema / _cKamran Yousaf |
||
| 260 |
_aIslamabad : _bCEME - NUST, _c2016. |
||
| 300 |
_ax, 50 p. : ill. ; _c30 cm. |
||
| 500 | _aHardcover. | ||
| 600 | _2Electrical Engineering - MS Thesis | ||
| 942 |
_2ddc _cTHE |
||